Management consulting practice in intellectual capital

Bibliographic Details
Corporate Author: ProQuest (Firm)
Other Authors: Marr, Bernard.
Format: Electronic eBook
Language:English
Published: Bradford, England : Emerald Group Publishing, c2005.
Series:Journal of intellectual capital ; v. 6, no. 4
Subjects:
Online Access:Click to View
LEADER 01155nam a2200313Ia 4500
001 EBC253999
003 MiAaPQ
005 20200520144314.0
006 m o d |
007 cr cn|||||||||
008 000815s2005 enk s 000 0 eng d
020 |z 184544843X 
035 |a (MiAaPQ)EBC253999 
035 |a (Au-PeEL)EBL253999 
035 |a (CaPaEBR)ebr10103401 
035 |a (OCoLC)133168019 
040 |a MiAaPQ  |c MiAaPQ  |d MiAaPQ 
050 4 |a HD30.2  |b .M36 2005 
245 0 0 |a Management consulting practice in intellectual capital  |h [electronic resource] /  |c guest editor Bernard Marr. 
260 |a Bradford, England :  |b Emerald Group Publishing,  |c c2005. 
300 |a 152 p. 
490 0 |a Journal of intellectual capital ;  |v v. 6, no. 4 
533 |a Electronic reproduction. Ann Arbor, MI : ProQuest, 2015. Available via World Wide Web. Access may be limited to ProQuest affiliated libraries. 
650 0 |a Knowledge management. 
650 0 |a Management. 
655 4 |a Electronic books. 
700 1 |a Marr, Bernard. 
710 2 |a ProQuest (Firm) 
856 4 0 |u https://ebookcentral.proquest.com/lib/matrademy/detail.action?docID=253999  |z Click to View